000 00530nam a2200121 a 4500
008 080905s1998 ||||||||||||||||| || u
050 _aTHESIS/POSTGRADUATE
100 _aHaalubono, A. K
245 1 0 _aTurnaround strategy: The case of ZCCM Konkola Division
260 _aKitwe
_bCopperbelt University, School of Business, Postgraduate Department
_c1998
350 _a0.00
995 _D0.00
_FCBU-MAIN LIBRARY (Kitwe)
_H1
_I0.00
_M1
_UAVAILABLE
_WSep 5, 2008
_ZUniversity Collection
999 _c60509
_d60509